| 000 | 00392 a2200169 4500 | ||
|---|---|---|---|
| 001 | 57206 | ||
| 020 | _a8516041921 | ||
| 040 | _cAnchieta - Pituba | ||
| 100 | _aQueirós, Bartolomeu Campos de | ||
| 240 | 1 | 0 |
_aO olho de vidro do meu avô _lpor |
| 245 | 1 | 0 | _aO olho de vidro do meu avô |
| 300 | _a48 | ||
| 362 | 0 | _a2004 | |
| 440 | 1 | _aModerna | |
| 650 | 4 | _aLiteratura juvenil | |
| 942 | _cBK | ||
| 999 |
_c57206 _d57206 |
||